A handbook of statistical analyses using R / (Record no. 70169)
[ view plain ]
| 000 -LEADER | |
|---|---|
| fixed length control field | 00914nam a2200265 a 4500 |
| 001 - CONTROL NUMBER | |
| control field | 70169 |
| 003 - CONTROL NUMBER IDENTIFIER | |
| rucl marc code | BD-RjUL |
| 005 - DATE AND TIME OF LATEST TRANSACTION | |
| control field | 20211209081954.0 |
| 008 - FIXED-LENGTH DATA ELEMENTS--GENERAL INFORMATION | |
| fixed length control field | 1 s2006 flua bf 001 0 eng |
| 020 ## - INTERNATIONAL STANDARD BOOK NUMBER | |
| International Standard Book Number | 1584885394 (alk. paper) |
| 035 ## - SYSTEM CONTROL NUMBER | |
| System control number | (BD-RjUL)70382 |
| 040 ## - CATALOGING SOURCE | |
| Original cataloging agency | DLC |
| Transcribing agency | DLC |
| Modifying agency | BD-RjUL |
| Language of cataloging | eng |
| 041 ## - LANGUAGE CODE | |
| Language code of text/sound track or separate title | eng |
| 082 00 - DEWEY DECIMAL CLASSIFICATION NUMBER | |
| Classification number | 519.5 |
| Edition number | 23 |
| Author mark and year | EVH 2006 |
| 100 1# - MAIN ENTRY--PERSONAL NAME | |
| Personal name | Everitt, Brian. |
| 9 (RLIN) | 158497 |
| 245 12 - TITLE STATEMENT | |
| Title | A handbook of statistical analyses using R / |
| Statement of responsibility, etc. | Brian S. Everitt, Torsten Hothorn. |
| 260 ## - PUBLICATION, DISTRIBUTION, ETC. (IMPRINT) | |
| Place of publication, distribution, etc. | Boca Raton : |
| Name of publisher, distributor, etc. | Chapman & Hall/CRC, |
| Date of publication, distribution, etc. | 2006. |
| 300 ## - PHYSICAL DESCRIPTION | |
| Pagination | 275 p. : |
| Illustrations | ill. ; |
| Size | 24 cm. |
| 504 ## - BIBLIOGRAPHY, ETC. NOTE | |
| Bibliography, etc | Includes bibliographical references and index. |
| 650 #0 - SUBJECT ADDED ENTRY--TOPICAL TERM | |
| Topical term or geographic name as entry element | Mathematical statistics |
| General subdivision | Data processing |
| Form subdivision | Handbooks, manuals, etc. |
| 9 (RLIN) | 207816 |
| Topical term or geographic name as entry element | R (Computer program language) |
| Form subdivision | Handbooks, manuals, etc. |
| 9 (RLIN) | 207817 |
| 700 1# - ADDED ENTRY--PERSONAL NAME | |
| Personal name | Hothorn, Torsten. |
| 942 ## - ADDED ENTRY ELEMENTS (KOHA) | |
| Source of classification or shelving scheme | Dewey Decimal Classification |
| Koha item type | Books |
| Lost status | Source of classification or shelving scheme | Damaged status | Not for loan | Collection code | Permanent Location | Current Location | Shelving location | Date acquired | Source of acquisition | Cost, normal purchase price | Total Checkouts | Full call number | Date last seen | Copy number | Koha item type |
|---|---|---|---|---|---|---|---|---|---|---|---|---|---|---|---|
| Dewey Decimal Classification | Not For Loan | Non-fiction | Central Library, University of Rajshahi | Central Library, University of Rajshahi | Reading Room | 21/06/1991 | Dhaka mission book | 368097.00 | 519.5 EVH 2006 | 16/04/2017 | C-1 | Books |